<?xml version="1.0" encoding="UTF-8"?>
<marc:record xmlns:marc="http://www.loc.gov/MARC21/slim">
   <marc:leader>00000nam a2200000 a 4500</marc:leader>
   <marc:datafield ind1="1" ind2=" " tag="100">
      <marc:subfield code="a">Nessmann, Philippe</marc:subfield>
      <marc:subfield code="4">aut</marc:subfield>
      <marc:subfield code="e">Verfasser/-in</marc:subfield>
   </marc:datafield>
   <marc:datafield ind1=" " ind2=" " tag="653">
      <marc:subfield code="a">Südamerika / Jugendroman</marc:subfield>
   </marc:datafield>
   <marc:datafield ind1=" " ind2=" " tag="653">
      <marc:subfield code="a">Guillaument, Henri / Jugendroman</marc:subfield>
   </marc:datafield>
   <marc:datafield ind1="0" ind2="0" tag="245">
      <marc:subfield code="a">Absturz in den Anden</marc:subfield>
   </marc:datafield>
   <marc:datafield ind1="0" ind2="0" tag="245">
      <marc:subfield code="b">Henri Guillaumet und die Pioniere der Luftpost</marc:subfield>
   </marc:datafield>
   <marc:datafield ind1="0" ind2="0" tag="245">
      <marc:subfield code="c">Nessmann, Philippe</marc:subfield>
   </marc:datafield>
   <marc:datafield ind1=" " ind2="1" tag="264">
      <marc:subfield code="c">2010</marc:subfield>
   </marc:datafield>
   <marc:datafield ind1="1" ind2=" " tag="520">
      <marc:subfield code="a">Santiago de Chile an Mendoza. Freitag, 13. Juni 1930, 8.00 Uhr. STOP. Henri Guillaumet gerade mit Post gestartet. STOP. Schlechtes Wetter über den Anden. STOP.« Henri Guillaumet ist Pilot der französischen Luftfrachtgesellschaft auf der Strecke Chile ñ Argentinien. Am 13. Juni 1930 jedoch erreicht er Mendoza nicht: Ein Sturm über den Kordilleren zwingt ihn, hoch in den Bergen notzulanden. Seine Freunde Saint-Exupéry und Mermoz suchen den Vermissten eine Woche lang, überfliegen die weiße Weite der Anden. Vergebens! Doch Guillaumet selbst, gefangen im ewigen Eis der Gletscher, gibt nicht auf. Als er erkennen muss, dass ihn der sichere Tod erwartet, beginnt er mit nichts als seiner ledernen Fliegerkluft, einem Gaskocher und einer Ration Notproviant den Abstieg ins argentinische Tiefland ...</marc:subfield>
   </marc:datafield>
   <marc:datafield ind1=" " ind2=" " tag="020">
      <marc:subfield code="a">9783451709920</marc:subfield>
      <marc:subfield code="9">9783451709920</marc:subfield>
   </marc:datafield>
   <marc:datafield ind1=" " ind2=" " tag="020">
      <marc:subfield code="a">3451709929</marc:subfield>
      <marc:subfield code="9">3451709929</marc:subfield>
   </marc:datafield>
   <marc:datafield ind1=" " ind2=" " tag="041">
      <marc:subfield code="a">ger</marc:subfield>
   </marc:datafield>
   <marc:datafield ind1=" " ind2=" " tag="338">
      <marc:subfield code="a">Band</marc:subfield>
   </marc:datafield>
   <marc:datafield ind1=" " ind2=" " tag="300">
      <marc:subfield code="a">174 S.</marc:subfield>
   </marc:datafield>
</marc:record>
